| 000 | 00817nam a22002297a 4500 | ||
|---|---|---|---|
| 003 | 0 | ||
| 005 | 20250113103326.0 | ||
| 008 | 231018b xxu||||| |||| 00| 0 eng d | ||
| 050 |
_aPHS TD 170.5 _b.An581 2023 |
||
| 100 | _aAng, Aaron Ryley | ||
| 245 |
_aThe feasibility of mixing canola (brassica napus l.) oil and corn (zea mays) to produce biodiesel _c Aaron Ryley Ang; Edrigo Dauigoy; Joshua Henrie Perez. |
||
| 260 |
_aLas Pinas City : _bSouthville International School and Colleges, _c2023. |
||
| 300 |
_a42 pages : _bcol. ill. ; _c30 cm. |
||
| 504 | _aIncludes bibliographical references. | ||
| 650 | _aBiodiesel--Research. | ||
| 650 | _aRenewable energy sources. | ||
| 650 | _aCanola oil. | ||
| 650 | _aCorn oil. | ||
| 700 | _aDauigoy, Edrigo | ||
| 700 | _aPerez, Joshua Henrie | ||
| 942 |
_2lcc _cPASS |
||
| 999 |
_c365530 _d365530 |
||